Video Games by Year: 2019 - Statistics

General Stats
  • This quiz has been taken 153 times
  • The average score is 6 of 16
Answer Stats
Picture Answer % Correct
Sekiro: Shadows Die Twice
73%
Resident Evil 2
70%
Kingdom Hearts III
63%
Star Wars Jedi: Fallen Order
54%
Control
50%
Days Gone
45%
Crash Team Racing Nitro-Fueled
40%
The Dark Pictures Anthology: Man of Medan
40%
Disco Elysium
37%
Far Cry: New Dawn
28%
Call of Duty: Modern Warfare
27%
Fire Emblem: Three Houses
19%
Code Vein
11%
Astral Chain
10%
Katana Zero
8%
Ion Fury
3%
No matching quizzes found
Score Distribution
Percent of People with Each Score
Percentile by Number Answered
Your Score History
You have not taken this quiz